000 01442cam a2200457 i 4500
001 92352
005 20230410123436.0
008 780307s1978 mnua b 001 0 eng
010 _a 78003468
035 _a(OCoLC)ocm03748897
040 _aDLC
_cDLC
_dBTCTA
_dDEBBG
020 _a0829920021 :
_c$11.95
020 _a9780829920024
029 1 _aNLGGC
_b785275312
029 1 _aNZ1
_b4178112
029 1 _aAU@
_b000001155030
029 1 _aHEBIS
_b206933681
029 1 _aDEBBG
_bBV006425696
035 _a(OCoLC)3748897
043 _an-us---
050 1 4 _aKF 240
_bR762l 1978
082 0 0 _a340/.07/2073
100 1 _aRombauer, Marjorie Dick.
245 1 0 _aLegal problem solving :
_banalysis, research, and writing /
_cby Marjorie Dick Rombauer.
250 _a3d ed.
260 _aSt. Paul :
_bWest Pub. Co.,
_c1978.
300 _axxvii, 352 p. :
_bill. ;
_c26 cm.
_a& teachers manual.
440 0 _aAmerican casebook series
500 _aFirst ed. published in 1970 under title: Legal analysis and research.
504 _aIncludes bibliographical references and index.
650 0 _aLegal research
_zUnited States.
650 0 _aLegal composition.
650 0 7 _aForschung.
_2swd
650 0 7 _aJuristische Methodik.
_2swd
650 0 7 _aRechtswissenschaft.
_2swd
651 7 _aUSA.
_2swd
938 _aBaker and Taylor
_bBTCP
_n78003468 //r97
_c$11.95
942 _2lcc
_cbk
946 _accruz
994 _aC0
_bDRFGD
999 _c61515
_d61515